| 000 | 00498nam a22001817a 4500 | ||
|---|---|---|---|
| 005 | 20251108165851.0 | ||
| 008 | 250721s9999 xx 000 0 ara d | ||
| 082 | 1 | 4 | _aط/ 307.76 |
| 245 | 1 | 0 | _aفي المدن / |
| 264 | 1 |
_aبيروت : _bدار شهرزاد، _c[19-]. |
|
| 300 | _a22ص .: مص | ||
| 490 | 0 | _aحياة الإنسان | |
| 650 | 1 | 7 | _aالمدن |
| 650 | 1 | 7 | _aالسكان |
| 653 | _aأطفال مرحلة متوسطة (6-9 سنوات) | ||
| 942 |
_2ddc _cBK |
||
| 999 |
_c33356 _d33356 |
||